|
|
|
|
| LEADER |
00734nab a2200205 i 4500 |
| 001 |
acta51113 |
| 005 |
20250414111021.0 |
| 008 |
180418s1935 hu o 000 hun d |
| 040 |
|
|
|a SZTE Egyetemi Kiadványok Repozitórium
|b hun
|
| 041 |
|
|
|a hun
|
| 100 |
1 |
|
|a Hortobágyi István
|
| 245 |
1 |
0 |
|a Estharangszó
|h [elektronikus dokumentum] :
|b [kotta] /
|c Hortobágyi István
|
| 260 |
|
|
|c 1935
|
| 300 |
|
|
|a 173
|
| 490 |
0 |
|
|a Gyakorlati pedagógia
|v 1 No. 11
|
| 650 |
|
4 |
|a Bölcsészettudományok
|
| 650 |
|
4 |
|a Nyelvek és irodalom
|
| 650 |
|
4 |
|a Művészetek (művészetek, művészettörténet, előadóművészetek, zene)
|
| 695 |
|
|
|a Kotta - magyar
|
| 856 |
4 |
0 |
|u http://acta.bibl.u-szeged.hu/51113/1/gyakorlati_1935_011_173.pdf
|z Dokumentum-elérés
|